Ekonomika vyspelých kapitalistických krajín na sklonku 20. storočia a jej odraz v buržoáznom ekonomickom myslení

Bibliographic Details
Main Authors: Iša, Jan (Author), Šestáková, Monika, 1938- (Author), Mikelka, Eduard, 1936- (Author)
Format: Article
Language:Slovak
PhysicalDescription:Lit. 6 zázn. v slov., češ., angl.
Subjects:

MARC

LEADER 00000nab a2200000 a 4500
001 vtls000363788
003 SK-MaSNL
005 20260303134151.0
008 230217c1989 xo 0 slo
015 |a SNBRB19rr/mm-uuuuu 
035 |a CL0363910 
035 |a urn:nbn:sk:snk-ab6qzg 
035 |a (uuid)8deb9895-dfc9-42d3-a635-f565d835920f 
035 |a (urnnbn)urn:nbn:sk:snk:ar-a05a38 
035 |a (sysno)vtls000363788 
040 |a SNKBUCL  |b slo  |c SNKBUCL  |e AACR2 
041 0 |a slo 
044 |a xo  |c SK 
080 |a 330.342.14  |2 1981 
080 |a 330.101.8  |2 1981 
100 1 |a Iša, Jan  |4 aut  |9 278556 
245 1 0 |a Ekonomika vyspelých kapitalistických krajín na sklonku 20. storočia a jej odraz v buržoáznom ekonomickom myslení  |c Jan Iša, Monika Šestáková, Eduard Mikelka 
300 |b Lit. 6 zázn. v slov., češ., angl. 
650 0 7 |a ekonomika kapitalistická  |2 snkbucl  |9 921624 
650 0 7 |a myslenie ekonomické buržoázne  |2 snkbucl  |9 1153882 
655 7 |a články z novín a časopisov  |2 snkbucl  |9 267496 
700 1 |a Šestáková, Monika,  |d 1938-  |4 aut  |9 203776 
700 1 |a Mikelka, Eduard,  |d 1936-  |4 aut  |9 38820 
773 0 |t Ekonomický časopis  |g Roč. 37, č. 6 (1989), s. 499-513 
850 |a Slovenská národná knižnica v Martine  |a MTA001 
852 |a SNK  |b KIS3GCP 
954 |a odborná, vedecká literatúra pôvodná (slovenská)  |2 lita 
958 |a NB 
958 |a RK 
958 |a OND 
958 |a EUIPO 
958 |a article27 
992 |a RBX 
999 |c 1960049  |d 1961979